Science Quiz

Random Science or Chemistry Quiz

Organic Functional Groups Quiz Stats

 Plays Quiz Updated Aug 3, 2018

Support Sporcle.
Go Orange.
Score 0/21 Timer 05:00
1 Play Today
% Correct
alcohol
88.9%
carboxylic acid
81.2%
ketone
78.9%
ether
77.6%
alkyne
77.1%
alkene
76.7%
arene
75.8%
aldehyde
75.8%
amine
74.8%
ester
73.3%
amide
71.8%
% Correct
alkyl halide
71.1%
alkane
64.9%
thiol
61.5%
nitrile
60.9%
cycloalkane
57%
thioether
52.3%
acid chloride
45.8%
acid anhydride
43.4%
epoxide
37.9%
peroxide
36.8%

You're not logged in!

Compare scores with friends on all Sporcle quizzes.
OR
Log In

From the Vault

Rodney Dangerfield One Liners

by MrChewypoo

On Sporcle, he gets a little respect.
Remove Ads.
Support Sporcle.
Get the best of Sporcle when you Go Orange. This ad-free experience offers more features, more stats, and more fun while also helping to support Sporcle. Thank you for becoming a member.

Show Comments

Extras

Top Quizzes Today


Score Distribution

Your Account Isn't Verified!

In order to create a playlist on Sporcle, you need to verify the email address you used during registration. Go to your Sporcle Settings to finish the process.

Report this User

Report this user for behavior that violates our Community Guidelines.

Details: